000 00543nam a2200157Ia 4500
008 090124s9999 xx 000 0 und d
082 _b25450
245 _a शत - कुमार - कथा भाग 5 वा
250 _a1
260 _bगोकुऴ मासिक प्रकाशन
_c1986
300 _a54
630 _a शत - कुमार - कथा भाग 5 वा
700 _aगाडगीऴ अमरेंद्र
730 _a शत - कुमार - कथा भाग 5 वा
942 _cBOOK
999 _c93538
_d93538